00781nam a2200229Ia 4500008004000000020001800040041000800058082001600066100002600082245005000108260005900158300001400217650001400231650001600245650001700261650001400278690002500292700001900317906001100336999001900347952018500366210210b2017 xxu||||| |||| 00| 0 eng d a9789351509998 aeng a658.15 SHIF aSHIL (Nikhil Chandra) aFinancial management: a strategic perspective aNew DelhibSage Publications India Pvt. Limited.c2017 axviii,709 astrategic aperspective amanagement:a aFinancial aFinancial Management aDAS (Bhagaban) a072930 c122776d122776 001040708ManagementaALbALcManagementd2021-02-17ePrajwal Book Distributors, Bangalore-560061g650.00l2o658.15 SHIFp072930r2023-12-29 00:00:00s2023-12-04w2021-02-17yBK